[Event "3MCR_4D_2LA_4S"]
[Site "?"]
[Date "1999.??.??"]
[Round "4"]
[White "Pech, Jan"]
[Black "Dudek, Karel"]
[Result "1-0"]
[WhiteElo "1800"]
[BlackElo "2020"]
[PlyCount "51"]
[EventDate "1999.??.??"]
[EventType "corr"]

1. d4 d5 2. c4 e6 3. Nf3 Nf6 4. Nc3 c6 5. e3 Nbd7 6. Bd3 dxc4 7. Bxc4 b5 8. Bd3
Bb7 9. e4 b4 10. Na4 c5 11. e5 Nd5 12. O-O cxd4 13. Re1 Be7 14. Nxd4 O-O 15.
Qh5 g6 16. Qh6 Qe8 17. b3 Bd8 18. Bd2 Qe7 19. Rac1 Qh4 20. Nf3 Qxh6 21. Bxh6
Re8 22. Bb5 Re7 23. Bg5 f6 24. exf6 N7xf6 25. Nc5 Rb8 26. Bc4 1-0

[Event "3MCR_4D_2LA_4S"]
[Site "?"]
[Date "1999.??.??"]
[Round "4"]
[White "Trcka, Vaclav"]
[Black "Pech, Jan"]
[Result "1/2-1/2"]
[WhiteElo "2130"]
[BlackElo "1800"]
[PlyCount "59"]
[EventDate "1999.??.??"]
[EventType "corr"]

1. d4 Nf6 2. c4 e6 3. Nc3 Bb4 4. Qc2 c5 5. a3 Bxc3+ 6. Qxc3 cxd4 7. Qxd4 Nc6 8.
Qd1 O-O 9. e3 d5 10. Nf3 dxc4 11. Qxd8 Rxd8 12. Bxc4 e5 13. b4 e4 14. Nd2 Ne5
15. Bb2 Nxc4 16. Nxc4 Bf5 17. Bxf6 gxf6 18. Ke2 Rac8 19. Rhc1 Rd3 20. a4 b6 21.
a5 b5 22. Nd2 Rdc3 23. Rxc3 Rxc3 24. h3 Kg7 25. Kd1 Be6 26. Rc1 Rxc1+ 27. Kxc1
f5 28. Kc2 Kf6 29. Kc3 Ke5 30. h4 1/2-1/2

[Event "3MCR_4D_2LA_4S"]
[Site "?"]
[Date "1999.??.??"]
[Round "4"]
[White "Rybakova, Ivana"]
[Black "Orlicek, Karel"]
[Result "1-0"]
[WhiteElo "1400"]
[BlackElo "2010"]
[PlyCount "84"]
[EventDate "1999.??.??"]
[EventType "corr"]

1. e4 c6 2. d4 d5 3. exd5 cxd5 4. c4 Nf6 5. Nc3 g6 6. Qb3 Bg7 7. cxd5 O-O 8.
Be2 Nbd7 9. Bf3 Nb6 10. Nge2 Bg4 11. Bxg4 Nxg4 12. a4 Nf6 13. Nf4 Qd7 14. a5
Nc8 15. O-O Nd6 16. Re1 Rac8 17. Nd3 Qf5 18. Ne5 Rc7 19. f3 Nd7 20. g4 Qf6 21.
Kg2 h5 22. h3 Rfc8 23. a6 Nb8 24. axb7 Rxb7 25. Qc2 a6 26. Ra4 Nb5 27. Bd2 hxg4
28. hxg4 Qb6 29. Nxf7 Nxd4 30. Rxd4 Qxd4 31. Ng5 Rb6 32. Rxe7 Qf6 33. Qe4 Nd7
34. Na4 Rxb2 35. Nxb2 Qxb2 36. Qe6+ Kh8 37. Qxd7 Qxd2+ 38. Kh3 Rf8 39. Rxg7
Rxf3+ 40. Nxf3 Qh6+ 41. Kg3 Qxg7 42. Qxg7+ Kxg7 1-0

[Event "3MCR_4D_2LA_4S"]
[Site "?"]
[Date "1999.??.??"]
[Round "4"]
[White "Trcka, Vaclav"]
[Black "Orlicek, Karel"]
[Result "1/2-1/2"]
[WhiteElo "2130"]
[BlackElo "2010"]
[PlyCount "57"]
[EventDate "1999.??.??"]
[EventType "corr"]

1. d4 Nf6 2. c4 g6 3. Nc3 d5 4. e3 Bg7 5. Nf3 O-O 6. cxd5 Nxd5 7. Nxd5 Qxd5 8.
Qc2 Qc6 9. Bd3 Bg4 10. Ng5 Qd5 11. Ne4 Bf5 12. O-O Na6 13. Nc3 Bxd3 14. Qxd3
Qd7 15. Rb1 c6 16. b4 Nc7 17. Bb2 Nd5 18. b5 Rfc8 19. bxc6 Rxc6 20. Ne2 Rac8
21. e4 Nb6 22. Rfc1 Rxc1+ 23. Rxc1 Rxc1+ 24. Bxc1 Qa4 25. Qb3 Qa6 26. Qc2 e6
27. h3 Nc4 28. d5 b5 29. Nf4 1/2-1/2

[Event "3MCR_4D_2LA_4S"]
[Site "?"]
[Date "1999.??.??"]
[Round "4"]
[White "Rubes, Zdenek"]
[Black "Orlicek, Karel"]
[Result "1/2-1/2"]
[WhiteElo "1800"]
[BlackElo "2010"]
[PlyCount "75"]
[EventDate "1999.??.??"]
[EventType "corr"]

1. d4 Nf6 2. Nf3 g6 3. c4 Bg7 4. Nc3 d5 5. Qb3 dxc4 6. Qxc4 O-O 7. e4 c6 8. Be2
Be6 9. Qa4 Nbd7 10. O-O Nb6 11. Qc2 Qc7 12. Rd1 Rfd8 13. a4 a5 14. h3 Ne8 15.
Be3 Bc4 16. Rac1 Nd6 17. Bf4 Bxe2 18. Nxe2 Qd7 19. Qb3 Ra6 20. Ne5 Qe8 21. Ng3
Ndc8 22. Be3 e6 23. Nf3 h6 24. Bf4 Qe7 25. Qc2 Qb4 26. b3 Nd7 27. Bc7 Re8 28.
Ne5 Nxe5 29. Bxe5 Nb6 30. Bf4 Nd7 31. Qd3 Raa8 32. Rc4 Qa3 33. Ne2 Qe7 34. Qd2
Kh7 35. Ng3 Rec8 36. Rcc1 Qa3 37. Qc2 Qe7 38. Qd2 1/2-1/2

[Event "3MCR_4D_2LA_4S"]
[Site "?"]
[Date "1999.??.??"]
[Round "4"]
[White "Spilka, Jiri"]
[Black "Rubes, Zdenek"]
[Result "0-1"]
[WhiteElo "2000"]
[BlackElo "1800"]
[PlyCount "48"]
[EventDate "1999.??.??"]
[EventType "corr"]

1. c4 Nf6 2. Nc3 g6 3. g3 Bg7 4. Bg2 O-O 5. Nf3 d6 6. O-O c5 7. d4 Nc6 8. d5
Na5 9. Qd3 Rb8 10. Rb1 a6 11. b4 cxb4 12. Rxb4 b6 13. Be3 Bf5 14. Qd1 Qc7 15.
Bd4 Nxc4 16. e4 Bd7 17. Qd3 Rfc8 18. Rfb1 b5 19. Nd2 Nxd2 20. Qxd2 Ne8 21. Bxg7
Nxg7 22. R4b3 Qa5 23. f4 Rc5 24. a3 Rbc8 0-1

[Event "3MCR_4D_2LA_4S"]
[Site "?"]
[Date "1999.??.??"]
[Round "4"]
[White "Rubes, Zdenek"]
[Black "Macik, Jiri"]
[Result "1/2-1/2"]
[WhiteElo "1800"]
[BlackElo "2050"]
[PlyCount "67"]
[EventDate "1999.??.??"]
[EventType "corr"]

1. d4 d5 2. c4 c6 3. Nf3 Nf6 4. Nc3 e6 5. e3 Nbd7 6. Bd3 dxc4 7. Bxc4 b5 8. Bd3
Bb7 9. O-O a6 10. e4 c5 11. d5 Qc7 12. b3 Be7 13. dxe6 fxe6 14. Bb2 O-O 15. Ng5
Qb6 16. a4 h6 17. Nf3 c4 18. a5 Qc7 19. bxc4 bxc4 20. Be2 Bd6 21. Bxc4 Bxh2+
22. Nxh2 Qxc4 23. Ra4 Qc7 24. Ng4 Bc6 25. Rc4 Rac8 26. Nxf6+ Nxf6 27. Na4 Qxa5
28. Qd6 Bd7 29. Rxc8 Rxc8 30. Bxf6 Qxa4 31. Qg3 g5 32. Qh3 Qxe4 33. Qxh6 Qh7
34. Qxg5+ 1/2-1/2

[Event "3MCR_4D_2LA_4S"]
[Site "?"]
[Date "1999.??.??"]
[Round "4"]
[White "Spilka, Jiri"]
[Black "Dudek, Karel"]
[Result "1/2-1/2"]
[WhiteElo "2000"]
[BlackElo "2020"]
[PlyCount "62"]
[EventDate "1999.??.??"]
[EventType "corr"]

1. c4 e5 2. Nc3 Nc6 3. g3 g6 4. Bg2 Bg7 5. e3 d6 6. Nge2 Nge7 7. d4 exd4 8.
exd4 O-O 9. O-O Bg4 10. h3 Bxe2 11. Nxe2 Nf5 12. d5 Ne5 13. Qc2 Re8 14. Re1 Nd7
15. Bf4 Qf6 16. Rad1 Re7 17. Qd2 Qxb2 18. Qxb2 Bxb2 19. Rb1 Ba3 20. g4 Rae8 21.
gxf5 Rxe2 22. Rxe2 Rxe2 23. Rxb7 Bc5 24. Rxc7 Nf6 25. Bh6 gxf5 26. Rc8+ Re8 27.
Rxe8+ Nxe8 28. Be3 Bxe3 29. fxe3 Kg7 30. Kf2 Kf6 31. Ke2 Ke5 1/2-1/2

[Event "3MCR_4D_2LA_4S"]
[Site "?"]
[Date "1999.??.??"]
[Round "4"]
[White "Spilka, Jiri"]
[Black "Rybakova, Ivana"]
[Result "0-1"]
[WhiteElo "2000"]
[BlackElo "1400"]
[PlyCount "50"]
[EventDate "1999.??.??"]
[EventType "corr"]

1. c4 c5 2. Nc3 Nc6 3. g3 g6 4. Bg2 Bg7 5. Nf3 e5 6. O-O Nge7 7. a3 O-O 8. d3
d6 9. Rb1 a5 10. Ne1 Be6 11. Nc2 d5 12. cxd5 Nxd5 13. Ne3 Nde7 14. Nc4 Rb8 15.
Ne4 b6 16. a4 f5 17. Ned6 f4 18. Bd2 Qd7 19. Bc3 Nd4 20. Bxd4 exd4 21. b3 Nd5
22. Rc1 Nc3 23. Qc2 Bh3 24. Bxh3 Qxh3 25. Rce1 Bh6 0-1

[Event "3MCR_4D_2LA_4S"]
[Site "?"]
[Date "1999.??.??"]
[Round "4"]
[White "Portych, Vaclav"]
[Black "Pech, Jan"]
[Result "1/2-1/2"]
[WhiteElo "1925"]
[BlackElo "1800"]
[PlyCount "60"]
[EventDate "1999.??.??"]
[EventType "corr"]

1. c4 c5 2. Nc3 Nf6 3. Nf3 Nc6 4. g3 g6 5. Bg2 Bg7 6. O-O O-O 7. d4 cxd4 8.
Nxd4 Nxd4 9. Qxd4 d6 10. Qd3 a6 11. Bd2 Rb8 12. e4 Be6 13. b3 Qd7 14. Rac1 Rfc8
15. Rfe1 b5 16. Nd5 bxc4 17. Rxc4 Rxc4 18. Qxc4 Qb7 19. Bg5 Rc8 20. Qd3 Nxd5
21. exd5 Bf5 22. Be4 Rc3 23. Qd2 Rc5 24. Qd3 Bxe4 25. Qxe4 Qxd5 26. Qxd5 Rxd5
27. Bxe7 f5 28. Rc1 Rd2 29. Rc8+ Kf7 30. Rc7 Kg8 1/2-1/2

[Event "3MCR_4D_2LA_4S"]
[Site "?"]
[Date "1999.??.??"]
[Round "4"]
[White "Portych, Vaclav"]
[Black "Rubes, Zdenek"]
[Result "1/2-1/2"]
[WhiteElo "1925"]
[BlackElo "1800"]
[PlyCount "88"]
[EventDate "1999.??.??"]
[EventType "corr"]

1. c4 Nf6 2. Nc3 g6 3. Nf3 Bg7 4. g3 c5 5. Bg2 Nc6 6. O-O O-O 7. d4 d6 8. Bg5
cxd4 9. Nxd4 Nxd4 10. Qxd4 Be6 11. Rac1 Nd5 12. Qh4 Nxc3 13. bxc3 f6 14. Be3
Qc7 15. Bd5 Bxd5 16. cxd5 Qa5 17. Qe4 Qxa2 18. Qxe7 Qxd5 19. Rfd1 Rf7 20. Qxd6
Qxd6 21. Rxd6 a5 22. Rb6 a4 23. Bd4 Rd7 24. e3 Ra5 25. Ra1 f5 26. Kf1 Bf8 27.
Ke2 Bc5 28. Bxc5 Rxc5 29. Rxa4 Rxc3 30. h4 Rc2+ 31. Kf3 Rdd2 32. Kf4 Rxf2+ 33.
Kg5 Rb2 34. Rd6 Kf7 35. Rc4 Rfc2 36. Rf4 Rg2 37. Rf3 Ke7 38. Rd4 Ke6 39. Kh6
Rh2 40. Kxh7 g5 41. Kg6 gxh4 42. Rxf5 Rhg2 43. g4 h3 44. Rf6+ Ke7 1/2-1/2

[Event "3MCR_4D_2LA_4S"]
[Site "?"]
[Date "1999.??.??"]
[Round "4"]
[White "Orlicek, Karel"]
[Black "Celbr, Rudolf"]
[Result "1/2-1/2"]
[WhiteElo "2010"]
[BlackElo "1800"]
[PlyCount "70"]
[EventDate "1999.??.??"]
[EventType "corr"]

1. d4 Nf6 2. Nf3 e6 3. Bg5 d5 4. Nbd2 Nbd7 5. e3 Be7 6. Bd3 c5 7. c3 b6 8. O-O
Bb7 9. Ne5 Nxe5 10. dxe5 Nd7 11. Bxe7 Qxe7 12. f4 h6 13. e4 c4 14. Bc2 Qc5+ 15.
Kh1 d4 16. b4 cxb3 17. Nxb3 Qxc3 18. Nxd4 a6 19. Rc1 Rc8 20. Nxe6 fxe6 21. Ba4
Qxc1 22. Qxd7+ Kf8 23. Rxc1 Rxc1+ 24. Bd1 Bxe4 25. h4 Kg8 26. Kh2 Kh7 27. Bf3
Bxf3 28. Qd3+ Kg8 29. gxf3 h5 30. f5 exf5 31. e6 Rc5 32. Qd7 Kh7 33. e7 Rcc8
34. Qxf5+ g6 35. Qf6 Rhe8 1/2-1/2

[Event "3MCR_4D_2LA_4S"]
[Site "?"]
[Date "1999.??.??"]
[Round "4"]
[White "Volf, Frantisek"]
[Black "Orlicek, Karel"]
[Result "1/2-1/2"]
[WhiteElo "2000"]
[BlackElo "2010"]
[PlyCount "72"]
[EventDate "1999.??.??"]
[EventType "corr"]

1. d4 Nf6 2. c4 g6 3. Nc3 d5 4. cxd5 Nxd5 5. e4 Nxc3 6. bxc3 Bg7 7. Bb5+ c6 8.
Ba4 b5 9. Bb3 a5 10. Nf3 a4 11. Bc2 O-O 12. O-O Nd7 13. Bf4 Nb6 14. Ne5 Qe8 15.
Bg3 Be6 16. Re1 Nc4 17. Nxc4 Bxc4 18. Bd3 Bxd3 19. Qxd3 Rc8 20. Rab1 Qd7 21. f3
Rcd8 22. Red1 f5 23. Bh4 Bf6 24. Bxf6 fxe4 25. fxe4 Rxf6 26. c4 bxc4 27. Qxc4+
Qe6 28. Qxe6+ Rxe6 29. e5 Rd5 30. Rbc1 Kf7 31. Rf1+ Ke8 32. Rc4 c5 33. dxc5
Rexe5 34. Rfc1 Rd2 35. c6 Ree2 36. c7 Rxg2+ 1/2-1/2

[Event "3MCR_4D_2LA_4S"]
[Site "?"]
[Date "1999.??.??"]
[Round "4"]
[White "Celbr, Rudolf"]
[Black "Rubes, Zdenek"]
[Result "1/2-1/2"]
[WhiteElo "1800"]
[BlackElo "1800"]
[PlyCount "69"]
[EventDate "1999.??.??"]
[EventType "corr"]

1. c4 Nf6 2. Nc3 g6 3. e4 Bg7 4. d4 d6 5. Be2 O-O 6. Bg5 Na6 7. Qd2 e5 8. d5
Qe8 9. Bd1 Nc5 10. f3 a5 11. Bc2 Bd7 12. Nge2 h5 13. O-O Nh7 14. Be3 b6 15. a3
a4 16. Rad1 f5 17. exf5 gxf5 18. Rde1 Ra5 19. Qd1 Nf6 20. Bg5 Qg6 21. Bh4 Bh6
22. Ng3 Bf4 23. Kh1 Bxg3 24. Bxg3 b5 25. Qe2 bxc4 26. Qxc4 Rb8 27. Rb1 Qf7 28.
Bh4 Bc8 29. Rfd1 Ba6 30. Qa2 Nfd7 31. Bf2 Nb3 32. Nxa4 Bc4 33. Nb6 Nxb6 34.
Bxb3 Rxd5 35. Rxd5 1/2-1/2

[Event "3MCR_4D_2LA_4S"]
[Site "?"]
[Date "1999.??.??"]
[Round "4"]
[White "Jordanek, Jiri"]
[Black "Portych, Vaclav"]
[Result "1-0"]
[WhiteElo "1800"]
[BlackElo "1925"]
[PlyCount "45"]
[EventDate "1999.??.??"]
[EventType "corr"]

1. e4 c5 2. Nf3 Nc6 3. d4 cxd4 4. Nxd4 Nf6 5. Nc3 e5 6. Ndb5 d6 7. Bg5 a6 8.
Na3 b5 9. Nd5 Be7 10. Bxf6 Bxf6 11. c3 O-O 12. Nc2 Rb8 13. h4 Ne7 14. Nxf6+
gxf6 15. Qd2 Bb7 16. Bd3 Ng6 17. Ne3 Nf4 18. Bc2 d5 19. g3 Ng6 20. exd5 Ne7 21.
Ng4 Ng6 22. h5 Bxd5 23. Qxd5 1-0

[Event "3MCR_4D_2LA_4S"]
[Site "?"]
[Date "1999.??.??"]
[Round "4"]
[White "Celbr, Rudolf"]
[Black "Dudek, Karel"]
[Result "1/2-1/2"]
[WhiteElo "1800"]
[BlackElo "2020"]
[PlyCount "76"]
[EventDate "1999.??.??"]
[EventType "corr"]

1. c4 e5 2. Nf3 e4 3. Nd4 Nc6 4. e3 Nxd4 5. exd4 Qf6 6. d5 Bc5 7. Qe2 Qg6 8.
Nc3 f5 9. d3 Nf6 10. Nb5 Kd8 11. d4 Bb6 12. d6 cxd6 13. Nxd6 Bxd4 14. Qd2 Bc5
15. b4 Bxd6 16. Qxd6 Ng4 17. Qf4 Qf6 18. Rb1 Ne5 19. Bb2 Re8 20. Qd2 g5 21. Be2
f4 22. O-O f3 23. gxf3 exf3 24. Bd3 Qh6 25. Rfe1 Nxd3 26. Rxe8+ Kxe8 27. Qxd3
Qe6 28. Qxf3 d6 29. Qh5+ Kf8 30. Qxg5 Qg4+ 31. Qxg4 Bxg4 32. c5 dxc5 33. bxc5
Bf3 34. Be5 Re8 35. Re1 Kf7 36. Re3 Rg8+ 37. Kf1 Bd5 38. a3 Bc4+ 1/2-1/2

[Event "3MCR_4D_2LA_4S"]
[Site "?"]
[Date "1999.??.??"]
[Round "4"]
[White "Celbr, Rudolf"]
[Black "Kovac, Alexandr"]
[Result "1/2-1/2"]
[WhiteElo "1800"]
[BlackElo "1800"]
[PlyCount "45"]
[EventDate "1999.??.??"]
[EventType "corr"]

1. c4 Nf6 2. Nf3 g6 3. Nc3 Bg7 4. d4 O-O 5. e4 d6 6. Be2 e5 7. O-O Nc6 8. d5
Ne7 9. Ne1 Ne8 10. f3 f5 11. Be3 f4 12. Bf2 h5 13. c5 g5 14. Rc1 Rf6 15. Bb5
dxc5 16. Bxc5 Nd6 17. Nd3 Rg6 18. Ba4 g4 19. Kh1 h4 20. Qe1 g3 21. Ne2 Rg5 22.
Qd2 Ng6 23. Rfd1 1/2-1/2

[Event "3MCR_4D_2LA_4S"]
[Site "?"]
[Date "1999.??.??"]
[Round "4"]
[White "Rubes, Zdenek"]
[Black "Jordanek, Jiri"]
[Result "1-0"]
[WhiteElo "1800"]
[BlackElo "1800"]
[PlyCount "69"]
[EventDate "1999.??.??"]
[EventType "corr"]

1. d4 Nf6 2. Nf3 d5 3. Bg5 Ne4 4. Bf4 c5 5. c3 Qb6 6. Qb3 Nc6 7. Qxb6 axb6 8.
e3 c4 9. Nbd2 Nxd2 10. Nxd2 b5 11. e4 e6 12. g3 dxe4 13. Nxe4 f6 14. Bd6 Be7
15. f4 Kd7 16. Bxe7 Kxe7 17. a3 b6 18. Bg2 Bb7 19. Kf2 h5 20. Rhe1 Nd8 21. f5
Ra7 22. fxe6 Nxe6 23. Re2 Rd8 24. Rae1 Kf8 25. Bf3 h4 26. Nd2 hxg3+ 27. hxg3
Ng5 28. Re7 Nxf3 29. Nxf3 Rda8 30. Nh4 Ba6 31. Ng6+ Kg8 32. Nf4 Kf8 33. Rxa7
Rxa7 34. Re6 Bc8 35. Rxb6 1-0

[Event "3MCR_4D_2LA_4S"]
[Site "?"]
[Date "1999.??.??"]
[Round "4"]
[White "Doktor, Pavel"]
[Black "Bernath, Stepan"]
[Result "1-0"]
[WhiteElo "1985"]
[BlackElo "1800"]
[PlyCount "49"]
[EventDate "1999.??.??"]
[EventType "corr"]

1. e4 c5 2. d4 cxd4 3. Nf3 e6 4. Nxd4 a6 5. c4 Nf6 6. Nc3 Bb4 7. Bd3 Bxc3+ 8.
bxc3 Qa5 9. Qb3 O-O 10. Ba3 d6 11. Bxd6 Rd8 12. e5 Ne8 13. Qa3 Qxa3 14. Bxa3
Nc6 15. Nxc6 Rxd3 16. Ne7+ Kh8 17. Rd1 Rxd1+ 18. Kxd1 b5 19. Nxc8 Rxc8 20. cxb5
axb5 21. Kc2 Nc7 22. Rb1 Nd5 23. Rxb5 Rxc3+ 24. Kb2 Rc8 25. Bd6 1-0

[Event "3MCR_4D_2LA_4S"]
[Site "?"]
[Date "1999.??.??"]
[Round "4"]
[White "Trcka, Vaclav"]
[Black "Bernath, Stepan"]
[Result "1-0"]
[WhiteElo "2130"]
[BlackElo "1800"]
[PlyCount "59"]
[EventDate "1999.??.??"]
[EventType "corr"]

1. d4 Nf6 2. c4 g6 3. Nc3 Bg7 4. e4 d6 5. f3 O-O 6. Be3 e5 7. d5 c6 8. Nge2
cxd5 9. cxd5 a6 10. Qd2 Nbd7 11. Nc1 b5 12. Nd3 Bb7 13. Be2 Rc8 14. O-O Nb6 15.
b3 Ne8 16. a4 bxa4 17. Nxa4 Nxa4 18. Rxa4 f5 19. exf5 gxf5 20. Nb4 a5 21. Nc6
Bxc6 22. dxc6 d5 23. Rxa5 d4 24. Bc4+ Kh8 25. Bh6 Qf6 26. Bxg7+ Nxg7 27. Re1
Rfe8 28. Ba6 Rc7 29. Bd3 Rce7 30. Qe2 1-0

[Event "3MCR_4D_2LA_4S"]
[Site "?"]
[Date "1999.??.??"]
[Round "4"]
[White "Jordanek, Jiri"]
[Black "Doktor, Pavel"]
[Result "1-0"]
[WhiteElo "1800"]
[BlackElo "1985"]
[PlyCount "59"]
[EventDate "1999.??.??"]
[EventType "corr"]

1. e4 e6 2. d4 d5 3. Nc3 Bb4 4. e5 c5 5. a3 Bxc3+ 6. bxc3 Ne7 7. Qg4 Qc7 8.
Qxg7 Rg8 9. Qxh7 cxd4 10. Ne2 Nbc6 11. f4 dxc3 12. Qd3 Bd7 13. Qxc3 Nf5 14. Ng3
d4 15. Qc4 O-O-O 16. Ne4 Kb8 17. Rb1 Bc8 18. Nf6 Rg7 19. c3 b6 20. cxd4 Rxd4
21. Qc2 Qd8 22. Bb2 Bb7 23. Qf2 Rd3 24. Bxd3 Qxd3 25. Rd1 Qe3+ 26. Qxe3 Nxe3
27. Kf2 Rxg2+ 28. Kxe3 Rxb2 29. h4 Rb3+ 30. Rd3 1-0

[Event "3MCR_4D_2LA_4S"]
[Site "?"]
[Date "1999.??.??"]
[Round "4"]
[White "Rybakova, Ivana"]
[Black "Doktor, Pavel"]
[Result "1-0"]
[WhiteElo "1400"]
[BlackElo "1985"]
[PlyCount "69"]
[EventDate "1999.??.??"]
[EventType "corr"]

1. e4 e6 2. d4 d5 3. exd5 exd5 4. c4 Nf6 5. Nc3 Be7 6. Bd3 dxc4 7. Bxc4 O-O 8.
Nge2 Nc6 9. O-O Bf5 10. Ng3 Nxd4 11. Nxf5 Nxf5 12. Qf3 Nd6 13. Bd3 c6 14. Bf4
Re8 15. Rfe1 Qd7 16. Rad1 Rad8 17. h3 Bf8 18. Be5 Be7 19. Bc2 Qc8 20. Bd4 c5
21. Be5 h6 22. Ba4 Rf8 23. Nd5 Nxd5 24. Rxd5 Nf5 25. Bxg7 Nh4 26. Qg3 Rxd5 27.
Bxh6+ Bg5 28. Bxg5 Nf5 29. Qf3 Rd6 30. Bc2 Ng7 31. Re4 Re8 32. Rh4 Re1+ 33. Kh2
Rd4 34. Qg3 Rxh4 35. Qxh4 1-0

[Event "3MCR_4D_2LA_4S"]
[Site "?"]
[Date "1999.??.??"]
[Round "4"]
[White "Macik, Jiri"]
[Black "Rybakova, Ivana"]
[Result "1/2-1/2"]
[WhiteElo "2050"]
[BlackElo "1400"]
[PlyCount "59"]
[EventDate "1999.??.??"]
[EventType "corr"]

1. d4 d5 2. c4 e6 3. Nf3 Nf6 4. Nc3 c5 5. e3 Nc6 6. a3 a6 7. dxc5 Bxc5 8. b4
Ba7 9. Bb2 O-O 10. Qc2 Qe7 11. Rd1 Rd8 12. Be2 dxc4 13. Rxd8+ Nxd8 14. Bxc4 b5
15. Bd3 Bb7 16. O-O Rc8 17. Qb1 h6 18. Rd1 Ne8 19. Ne4 Bd5 20. Ned2 Nd6 21. e4
Bc4 22. Bxc4 Nxc4 23. Nxc4 Rxc4 24. Qa1 f6 25. e5 f5 26. Rd2 Nf7 27. Qd1 Bb6
28. Rd7 Qe8 29. Rd3 Qc8 30. h3 1/2-1/2

[Event "3MCR_4D_2LA_4S"]
[Site "?"]
[Date "1999.??.??"]
[Round "4"]
[White "Orlicek, Karel"]
[Black "Bernath, Stepan"]
[Result "1/2-1/2"]
[WhiteElo "2010"]
[BlackElo "1800"]
[PlyCount "60"]
[EventDate "1999.??.??"]
[EventType "corr"]

1. d4 Nf6 2. Nf3 g6 3. Bg5 Bg7 4. Nbd2 O-O 5. e3 d6 6. Bd3 c6 7. c4 Nbd7 8. O-O
Qc7 9. b4 e5 10. Rc1 Re8 11. Qc2 b6 12. dxe5 dxe5 13. c5 b5 14. Rfd1 Nd5 15. a3
N7f6 16. e4 Nf4 17. Bxf4 exf4 18. a4 a6 19. h3 Be6 20. Ra1 Rad8 21. Ra3 Nd7 22.
Bf1 Bf6 23. Rd3 Be7 24. Nd4 Ne5 25. Nxe6 fxe6 26. Rxd8 Rxd8 27. axb5 axb5 28.
Qb3 Kf7 29. Be2 Rd4 30. Nf3 Nxf3+ 1/2-1/2

[Event "3MCR_4D_2LA_4S"]
[Site "?"]
[Date "1999.??.??"]
[Round "4"]
[White "Macik, Jiri"]
[Black "Jordanek, Jiri"]
[Result "1/2-1/2"]
[WhiteElo "2050"]
[BlackElo "1800"]
[PlyCount "59"]
[EventDate "1999.??.??"]
[EventType "corr"]

1. d4 Nf6 2. c4 e6 3. g3 d5 4. Nf3 dxc4 5. Bg2 Nc6 6. Qa4 Bb4+ 7. Bd2 Nd5 8.
Bxb4 Ndxb4 9. O-O Rb8 10. Nc3 a6 11. Ne5 O-O 12. Nxc6 Nxc6 13. Bxc6 bxc6 14.
Qxc6 Qxd4 15. Rfd1 Qb6 16. Qxc4 Bb7 17. Rac1 Rfd8 18. e4 Qc6 19. Qxc6 Bxc6 20.
f4 Rxd1+ 21. Rxd1 f5 22. b3 fxe4 23. Rd4 Re8 24. Kf2 e5 25. Rc4 e3+ 26. Ke2 Bg2
27. Kxe3 exf4+ 28. Kxf4 Re7 29. Ne4 Rf7+ 30. Ke3 1/2-1/2

[Event "3MCR_4D_2LA_4S"]
[Site "?"]
[Date "1999.??.??"]
[Round "4"]
[White "Pech, Jan"]
[Black "Macik, Jiri"]
[Result "1/2-1/2"]
[WhiteElo "1800"]
[BlackElo "2050"]
[PlyCount "53"]
[EventDate "1999.??.??"]
[EventType "corr"]

1. Nf3 d5 2. b3 c5 3. e3 Nf6 4. Bb2 e6 5. c4 Nc6 6. cxd5 exd5 7. Bb5 Bd6 8. d4
Qa5+ 9. Nc3 Ne4 10. Qc2 O-O 11. dxc5 Nb4 12. Qe2 Bxc5 13. O-O a6 14. a3 Nxc3
15. Bxc3 Qxb5 16. Qxb5 axb5 17. axb4 Rxa1 18. Rxa1 Bd6 19. Ra7 f6 20. Nd4 Bb8
21. Ra5 Bd7 22. h3 Rc8 23. Bb2 Kf7 24. Kf1 Bd6 25. Ba3 Be5 26. Bb2 Bd6 27. Ba3
1/2-1/2

[Event "3MCR_4D_2LA_4S"]
[Site "?"]
[Date "1999.??.??"]
[Round "4"]
[White "Pech, Jan"]
[Black "Rubes, Zdenek"]
[Result "1/2-1/2"]
[WhiteElo "1800"]
[BlackElo "1800"]
[PlyCount "76"]
[EventDate "1999.??.??"]
[EventType "corr"]

1. e4 c5 2. b3 Nc6 3. Bb2 e5 4. Nf3 d6 5. Bc4 Nf6 6. Ng5 d5 7. exd5 Nxd5 8. Qh5
g6 9. Qf3 Qxg5 10. Bxd5 Nd8 11. O-O Bg7 12. d3 O-O 13. Nc3 Qe7 14. Na4 Ne6 15.
Bxe6 Bxe6 16. Qe3 Rfc8 17. Bxe5 Bxb3 18. axb3 Qxe5 19. Qxe5 Bxe5 20. Ra2 b5 21.
Re1 bxa4 22. Rxe5 axb3 23. cxb3 Rd8 24. Re3 Rab8 25. Kf1 Rxb3 26. Rxa7 Rbxd3
27. Ree7 Rd1+ 28. Ke2 R1d2+ 29. Ke1 R2d4 30. g3 Rf8 31. Rac7 c4 32. h4 Kg7 33.
Ke2 Kf6 34. Ke3 Rd3+ 35. Kf4 h6 36. Re4 c3 37. Rec4 Rfd8 38. R4c6+ Kg7 1/2-1/2

[Event "3MCR_4D_2LA_4S"]
[Site "?"]
[Date "1999.??.??"]
[Round "4"]
[White "Portych, Vaclav"]
[Black "Doktor, Pavel"]
[Result "0-1"]
[WhiteElo "1925"]
[BlackElo "1985"]
[PlyCount "64"]
[EventDate "1999.??.??"]
[EventType "corr"]

1. c4 e5 2. Nc3 Nf6 3. Nf3 Nc6 4. g3 Bb4 5. Bg2 O-O 6. O-O e4 7. Ng5 Bxc3 8.
bxc3 Re8 9. f3 e3 10. dxe3 h6 11. Nh3 b6 12. Nf4 Na5 13. Qa4 c5 14. Nd5 Ba6 15.
Nxf6+ Qxf6 16. Qxd7 Red8 17. Qa4 Qxc3 18. Rb1 Bxc4 19. Kf2 Bxe2 20. Re1 Bd3 21.
Rb2 Rd6 22. Bf1 Nc4 23. Qb3 Qxb3 24. Rxb3 Bxf1 25. Rxf1 Nd2 26. Bxd2 Rxd2+ 27.
Kg1 Rxa2 28. Rd1 c4 29. Rb4 Rc2 30. Rd7 c3 31. Rf4 Rf8 32. Rxa7 Rd8 0-1

[Event "3MCR_4D_2LA_4S"]
[Site "?"]
[Date "1999.??.??"]
[Round "4"]
[White "Orlicek, Karel"]
[Black "Portych, Vaclav"]
[Result "1-0"]
[WhiteElo "2010"]
[BlackElo "1925"]
[PlyCount "77"]
[EventDate "1999.??.??"]
[EventType "corr"]

1. d4 Nf6 2. Nf3 e6 3. Bg5 b6 4. e4 Be7 5. Nc3 O-O 6. Bd3 Bb7 7. O-O d5 8. e5
Nh5 9. Bxe7 Qxe7 10. Ne2 g6 11. c3 c5 12. Qd2 f5 13. exf6 Rxf6 14. Rfe1 c4 15.
Bc2 Nd7 16. Ba4 Raf8 17. Bxd7 Qxd7 18. Ne5 Qg7 19. Ng4 R6f7 20. Nh6+ Kh8 21.
Nxf7+ Rxf7 22. Qe3 Re7 23. Nf4 Nxf4 24. Qxf4 Re8 25. Qd6 Qe7 26. Qe5+ Qg7 27.
b3 Qxe5 28. Rxe5 Kg7 29. h4 Kf7 30. g4 b5 31. f4 cxb3 32. axb3 a6 33. f5 exf5
34. Rxe8 Kxe8 35. gxf5 gxf5 36. Kf2 Kf7 37. Kf3 Kf6 38. Kf4 Bc8 39. b4 1-0

[Event "3MCR_4D_2LA_4S"]
[Site "?"]
[Date "1999.??.??"]
[Round "4"]
[White "Pech, Jan"]
[Black "Bernath, Stepan"]
[Result "1-0"]
[WhiteElo "1800"]
[BlackElo "1800"]
[PlyCount "61"]
[EventDate "1999.??.??"]
[EventType "corr"]

1. e4 c5 2. Nc3 e6 3. g3 d5 4. exd5 exd5 5. Bg2 Nf6 6. d3 Be7 7. Nge2 O-O 8.
O-O d4 9. Ne4 Nxe4 10. Bxe4 Nd7 11. c3 Nf6 12. Bg2 Qb6 13. Re1 Re8 14. Qb3 dxc3
15. bxc3 Be6 16. Qxb6 axb6 17. Nf4 Rxa2 18. Rb1 Bd8 19. Nxe6 Rxe6 20. Rxe6 fxe6
21. Bxb7 Ng4 22. f3 Nf2 23. Be3 Nh3+ 24. Kf1 Rxh2 25. f4 h6 26. Bg2 g5 27. Bg1
Nxg1 28. Kxg1 Rxg2+ 29. Kxg2 g4 30. Kf2 Kf7 31. Ke3 1-0

[Event "3MCR_4D_2LA_4S"]
[Site "?"]
[Date "1999.??.??"]
[Round "4"]
[White "Bernath, Stepan"]
[Black "Spilka, Jiri"]
[Result "1/2-1/2"]
[WhiteElo "1800"]
[BlackElo "2000"]
[PlyCount "57"]
[EventDate "1999.??.??"]
[EventType "corr"]

1. e4 Nf6 2. e5 Nd5 3. c4 Nb6 4. d4 d6 5. exd6 cxd6 6. Be3 g6 7. Nc3 Bg7 8. Nf3
O-O 9. Be2 Nc6 10. O-O Bg4 11. b3 d5 12. c5 Nd7 13. Rc1 Nf6 14. Ne5 Bxe2 15.
Qxe2 Rc8 16. f4 Re8 17. Qf3 e6 18. g4 a6 19. Nxc6 Rxc6 20. b4 h5 21. h3 hxg4
22. hxg4 Kf8 23. a4 Ke7 24. b5 Rc8 25. Bf2 Rh8 26. Rfe1 Kf8 27. Rb1 b6 28. c6
Ne8 29. Re2 1/2-1/2